000 00964aam a2200337 4500
005 20161118135234.0
008 150410b xxu||||| |||| 00| 0 spa d
041 _aspa
082 _a617.69 R813pr
100 _aRosenstiel,Stephen
_932894
245 _aPrótesis fija contemporánea
260 _aEspaña
_bElsevier
_c2009
300 _a1130 páginas
650 _aPROTESIS FIJA
_94554
650 _aHISTORIA CLINICA
_95573
650 _aPREPARACION DENTAL
_99765
650 _aPLAN DE TRATAMIENTO
_912655
650 _aLIGAMENTOS MANDIBULARES
_932896
650 _aCORONAS
_93126
650 _aLABORATORIO DENTAL
_932897
650 _aRETENEDORES
_932898
650 _aPROCESAMIENTOS CLINICOS
_932899
650 _aMETAL-CERAMICA
_99764
650 _aTROQUELES
_932900
650 _aOCLUSION
_9334
650 _aPREPARACION DE LA BOCA
_99314
650 _aREVESTIMIENTO
_918290
650 _aCOLADO
_915782
650 _aRESINA
_91190
942 _cBK
999 _c4492
_d4492